00430 2200169 4500001002100000005001700021035002500038090001900063100002900082245004300111260003100154300002000185650001100205850001200216990001600228990001600244YOGYA00000000001119220150302164729.0 a0010-081400000010910 aT 631.81 Bud P aBudi Santoso, Hieronymus aPupuk komposcBudi Santoso, Hieronymus aYogyakartabKanisiusc1999 a28 hlm.c15 cm. aKompos aYOPDYOG a4242-P/2000 a4243-P/2000